|
|
|
|
| LEADER |
00000nla2a2200000 4500 |
| 001 |
661077 |
| 005 |
20231102030442.0 |
| 035 |
|
|
|a (RuTPU)RU\TPU\network\31300
|
| 035 |
|
|
|a RU\TPU\network\31299
|
| 090 |
|
|
|a 661077
|
| 100 |
|
|
|a 20191119a2019 k y0rusy50 ca
|
| 101 |
0 |
|
|a rus
|
| 102 |
|
|
|a RU
|
| 105 |
|
|
|a y z 100zy
|
| 135 |
|
|
|a drgn ---uucaa
|
| 181 |
|
0 |
|a i
|
| 182 |
|
0 |
|a b
|
| 200 |
1 |
|
|a Влияние электронно-лучевой обработки на химический состав и статические смещения атомов в приповерхностном слое Cr-Mn-N аустенитной стали
|f Н. А. Наркевич [и др.]
|
| 203 |
|
|
|a Текст
|c электронный
|
| 225 |
1 |
|
|a Научные основы разработки материалов с многоуровневой иерархической структурой, в том числе для экстремальных условий эксплуатации: - материалы для авиакосмической и транспортной промышленности; - материалы для ядерной энергетики; - материалы для работы в условиях арктического климата; - материалы для медицины
|
| 300 |
|
|
|a Заглавие с экрана
|
| 320 |
|
|
|a [Библиогр.: с. 289 (7 назв.)]
|
| 333 |
|
|
|a Режим доступа: по договору с организацией-держателем ресурса
|
| 463 |
|
0 |
|0 (RuTPU)RU\TPU\network\31158
|t Иерархические материалы: разработка и приложения для новых технологий и надежных конструкций
|o международный междисциплинарный симпозиум, 1-5 октября 2019 г., Томск, Россия
|o тезисы докладов International Workshop "Multiscale Biomechanics and Tribology of Inorganic and Organic Systems"
|o тезисы докладов международной конференции "Перспективные материалы с иерархической структурой для новых технологий и надежных конструкций"
|o тезисы докладов международной конференции "Химия нефти и газа: добыча, подготовка, транспорт нефти и газа"
|f Российская академия наук (РАН), Сибирское отделение (СО), Институт физики прочности и материаловедения (ИФПМ) ; Институт химии нефти (ИХН)
|v [С. 288-289]
|d 2019
|
| 610 |
1 |
|
|a электронный ресурс
|
| 610 |
1 |
|
|a труды учёных ТПУ
|
| 610 |
1 |
|
|a электронно-лучевая обработка
|
| 610 |
1 |
|
|a химический состав
|
| 610 |
1 |
|
|a смещение
|
| 610 |
1 |
|
|a атомы
|
| 610 |
1 |
|
|a приповерхностные слои
|
| 610 |
1 |
|
|a аустенитные стали
|
| 701 |
|
1 |
|a Наркевич
|b Н. А.
|
| 701 |
|
1 |
|a Сурикова
|b Н. С.
|
| 701 |
|
1 |
|a Перевалова
|b О. Б.
|
| 701 |
|
1 |
|a Власов
|b И. В.
|
| 701 |
|
1 |
|a Наркевич
|b В. В.
|
| 701 |
|
1 |
|a Дерюгин
|b Е. Е.
|
| 712 |
0 |
2 |
|a Национальный исследовательский Томский политехнический университет
|c (2009- )
|2 stltpush
|3 (RuTPU)RU\TPU\col\15902
|9 26305
|
| 801 |
|
2 |
|a RU
|b 63413507
|c 20191126
|g RCR
|
| 856 |
4 |
|
|u https://elibrary.ru/item.asp?id=41207062
|
| 942 |
|
|
|c CF
|